|
|
|
|
| LEADER |
00000cam a2200000 7i4500 |
| 001 |
0000069698 |
| 005 |
20220411.0 |
| 008 |
170131 |
| 020 |
|
|
|a 9789676073719
|
| 020 |
|
|
|a 9789676073764 (set)
|
| 090 |
0 |
0 |
|a JF
|b MAL
|
| 100 |
1 |
|
|a Suraida
|
| 245 |
1 |
0 |
|a Anak kembar Encik Harun (8)
|c Suraida
|
| 260 |
|
|
|a Kuala Lumpur :
|b Fargoes ,
|c 2010
|
| 300 |
|
|
|a 128pg.
|
| 490 |
1 |
|
|a Siri pelajar
|
| 500 |
|
|
|a Children ages 7-9 years old (orange)
|
| 650 |
|
0 |
|a Junior fiction
|x Malay
|x Languages
|
| 710 |
0 |
|
|a Title
|
| 999 |
|
|
|a 0001087825
|b Book
|c Children Collection
|e Cawangan Bandar Penawar
|
| 999 |
|
|
|a 0001087944
|b Book
|c Children Collection
|e Cawangan Segamat
|
| 999 |
|
|
|a 0001087956
|b Book
|c Children Collection
|e Cawangan Bukit Gambir
|
| 999 |
|
|
|a 0001087992
|b Book
|c Children Collection
|e Cawangan Taman Universiti
|
| 999 |
|
|
|a 0001088064
|b Book
|c Children Collection
|e Cawangan Segamat
|
| 999 |
|
|
|a 0001088112
|b Book
|c Children Collection
|e Cawangan Segamat
|
| 999 |
|
|
|a 0001088196
|b Book
|c Children Collection
|e Cawangan Bandar Penawar
|
| 999 |
|
|
|a 0001091298
|b Book
|c Children Collection
|e Cawangan Bukit Gambir
|
| 999 |
|
|
|a 0001091310
|b Book
|c Children Collection
|e Cawangan Segamat
|
| 999 |
|
|
|a 0001091322
|b Book
|c Children Collection
|e Cawangan Segamat
|
| 999 |
|
|
|a 0001091394
|b Book
|c Children Collection
|e Cawangan Taman Universiti
|